000
00207 a2200097 4500
001
57441
100
_a
245
_a
Satellite communications
260
_a
Boston
_b
McGraw HIll
_c
2001
090
_c
35172
_d
35172
942
_a
NUST-CAE
_c
_c
27972
999
_c
292514
_d
292514